[Event "Caorle op"]
[Site "Caorle"]
[Date "1989.??.??"]
[Round "2"]
[White "Filipovic, Branko"]
[Black "Spasojevic, Zoran M"]
[Result "0-1"]
[WhiteElo "2450"]
[BlackElo "2285"]
[PlyCount "66"]
[EventDate "1989.07.??"]
[EventType "swiss"]
[EventRounds "8"]
[EventCountry "ITA"]
[SourceTitle "EXT 2000"]
[Source "ChessBase"]
[SourceDate "1999.11.16"]
[SourceVersion "1"]
[SourceVersionDate "1999.11.16"]
[SourceQuality "1"]

1. e4 c5 2. Nf3 e6 3. d3 Nc6 4. g3 Nf6 5. Bg2 d6 6. 0-0 Be7 7. Re1 0-0 8. c3 Bd7 9. Nbd2 Rc8 10. a3 Qc7 11. b4 Ne5 12. Nxe5 dxe5 13. Nc4 Bb5 14. Bf1 Rfd8 15. Qf3 Rd7 16. g4 Rcd8 17. Rb1 Ba4 18. Ne3 Ne8 19. Qg3 Rxd3 20. Bxd3 Rxd3 21. Qg2 c4 22. g5 Rxc3 23. Ng4 Rd3 24. h4 c3 25. Ra1 Bd1 26. Qf1 Qd6 27. Nxe5 Rd4 28. Be3 Rxe4 29. Raxd1 Qxe5 30. f4 Qf5 31. Rd7 Bd6 32. Rd1 Kf8 33. Qf3 e5 0-1